000 00550cam a22001577a 4500
008 180718b2009 xxu||||| |||| 00| 0 eng d
020 _a9788178311838
082 _aBA27x54 K897e
100 _aKrishnan, P.S.
245 _aEmpowering dalits for empowering India: a road-map
_cby P.S. Krishnan
260 _aNew Delhi
_bIndian Institute of Public Administration
_c2009
300 _a544p.
440 _aFirst Dr. Ambedkar Memorial Lecture, 2006
650 _aDalits --Legal status, laws, etc. --India.
650 _aDalits --Government policy --India
999 _c418014
_d418014